MARC

LEADER 00000nam1a2200000 4500
001 380181
005 20231101062642.0
035 |a (RuTPU)RU\TPU\prd\928 
035 |a BOOK00000929 
090 |a 380181 
100 |a 20011210c k y0rusy50 ca 
101 0 |a rus 
102 |a RU 
200 1 |a Промышленность синтетического каучука  |e научно-технический журнал 
210 |a Москва  |c ЦНИИТЭнефтехим  |d 1967-1968, 1971, 1973-1983 
326 |a 12 номеров в год 
440 1 |0 (RuTPU)RU\TPU\prd\927  |x 0233-5743  |t Промышленность синтетического каучука, шин и резиновых технических изделий  |o научно-технический информационный сборник  |c Москва  |n ЦНИИТЭнефтехим  |d 1984-1987, 1989 
610 1 |a каучук синтетический 
610 1 |a шины 
610 1 |a резина 
610 1 |a производство 
610 1 |a каучуки 
675 |a 678.4  |v 3 
801 0 |a RU  |b 63413507  |c 20011210  |g PSBO 
801 2 |a RU  |b 63413507  |c 20130710  |g RCR 
942 |c CR